Word Ladder: New York Quiz Stats

 Plays Quiz not verified by Sporcle

Also try: Body Part Products
Challenge
Share
Tweet
Embed
Score 0/12 Timer 01:30
1 Play Today
Hint 4-Letter Word % Correct
●New York state song and slogan, I ____ New York●●LOVE●
99.8%
Small bird known as a symbol of peaceDOVE
98.9%
Plunge head first into waterDIVE
98.1%
●Number of New York City boroughs●●FIVE●
96.4%
Combustion or burning somethingFIRE
91.3%
Shortened version of or slang for favoriteFAVE
89%
Quantity of medicine to be taken at one timeDOSE
88.7%
●The state flower of New York●●ROSE●
86.1%
Talking wildly about and with great enthusiasmRAVE
80.2%
To tear or separate into piecesRIVE
75.4%
Indicating trouble, disaster, or misfortuneDIRE
72.4%
Walleye or pike perch of North AmericaDORE
65.9%

You're not logged in!

Compare scores with friends on all Sporcle quizzes.
Join for Free
OR
Log In

You Might Also Like...

Show Comments

Extras

Top Quizzes Today


Score Distribution

Your Account Isn't Verified!

In order to create a playlist on Sporcle, you need to verify the email address you used during registration. Go to your Sporcle Settings to finish the process.

Report this User

Report this user for behavior that violates our Community Guidelines.

Details: